José Hernández y Martín Fierro /

Un programa dedicado al pensador argentino que escribió el poema más grande de la literatura gauchesca argentina. ¿Cuáles fueron las denuncias y los consejos que José Hernández propone a través de su legado escrito? El análisis, en manos de Feinmann.

Guardado en:
Autor Principal: Feinmann, José Pablo
Autor Corporativo: Canal Encuentro.
Formato: Deslizar
Publicado: Argentina, 2010
Series:Filosofía aquí y ahora - Temporada 3
Materias:
Acceso en línea:https://www.educ.ar/recursos/50225/jose-hernandez-y-martin-fierro
Etiquetas: Agregar Etiqueta
Sin Etiquetas, Sea el primero en etiquetar este registro!
LEADER 01348ngm a22003375g 4500
001 CEM.cems023378
008 130507s2010##################0###0#####d
005 20250328163003.0
245 1 0 |a José Hernández y Martín Fierro /  |c José Pablo Feinmann. 
260 |a Argentina,  |c 2010 
300 |a 28'. 
490 0 |a Filosofía aquí y ahora - Temporada 3 
520 |a Un programa dedicado al pensador argentino que escribió el poema más grande de la literatura gauchesca argentina. ¿Cuáles fueron las denuncias y los consejos que José Hernández propone a través de su legado escrito? El análisis, en manos de Feinmann. 
538 |a Soporte: DVD - Color: Si - Grabación DRD. 
500 |a Consultar en ventanilla. 
590 |a Identificación anterior registrada en SIABUC: D62C 
100 1 |a Feinmann, José Pablo 
710 2 |a Canal Encuentro. 
082 1 0 |/ FEI-3 
653 |a FILOSOFIA 
653 |a FILOSOFIA AQUI Y AHORA 
653 |a FEINMANN 
653 |a HISTORIA 
653 |a HISTORIA ARGENTINA 
653 |a LITERATURA 
653 |a LITERATURA ARGENTINA 
653 |a MARTIN FIERRO 
653 |a LITERATURA GAUCHEZCA 
653 |a SERIE DE TELEVISIÓN 
856 |u https://www.educ.ar/recursos/50225/jose-hernandez-y-martin-fierro 
859 |a CEMS  |b BIB. CEMS - Depto. Recursos Didacticos  |h 100  |i FEI-3  |k DRD  |p 2021.15  |t Ej.1